Use of 15N as tracer to study the uptake efficiency of urea applied to rubber seedlings in the nursery (Record no. 52204)

MARC details
000 -LEADER
fixed length control field 00629nam a2200181Ia 4500
100 ## - MAIN ENTRY--AUTHOR NAME
Personal name Prasannakumari P
245 #0 - TITLE STATEMENT
Title Use of 15N as tracer to study the uptake efficiency of urea applied to rubber seedlings in the nursery
260 ## - PUBLICATION, DISTRIBUTION, ETC. (IMPRINT)
Name of publisher PLACROSYM XIX, 7-10 December 2010, Kottayam. Climate Change. 19th Biennial Symposium on Plantation Crops. Abstracts.pp.102-104.
650 ## - SUBJECT ADDED ENTRY--TOPICAL TERM
Topical Term 15N tracer methodology
650 ## - SUBJECT ADDED ENTRY--TOPICAL TERM
Topical Term Labelled urea
650 ## - SUBJECT ADDED ENTRY--TOPICAL TERM
Topical Term N-utilization
650 ## - SUBJECT ADDED ENTRY--TOPICAL TERM
Topical Term Seedling nursery
700 ## - ADDED ENTRY--PERSONAL NAME
Personal name George S
700 ## - ADDED ENTRY--PERSONAL NAME
Personal name Jessy M D
700 ## - ADDED ENTRY--PERSONAL NAME
Personal name Meti S
942 ## - ADDED ENTRY ELEMENTS (KOHA)
Koha item type Bibliography STAF
Holdings
Withdrawn status Lost status Damaged status Not for loan Home library Current library Date acquired Koha item type
      Bibliography RRII Library RRII Library 02/02/2011 Bibliography STAF